000 00910cam a2200277 4500
008 020719n2002 000 0 eng u
020 _a0632055723
035 _a(Sirsi) u118912
050 _a693.71
100 _aHayward, A.
245 _aSteel detailers' manual
250 _a2nd ed.
260 _aOxford
_bBlackwell Science
_c2002
300 _a167p.
_bill.
_c30cm.
350 _a39.50
520 _aAn illustrated practical guide to detailing structural steelwork which has been updated to reflect the changes to the relevant standards including BS5950. A completely new chapter has been added to cover computer aided detailing.
650 _aBS 5950
650 _aDETAILING
650 _aSTEEL FRAMES
650 _aSTEEL STRUCTURES
650 _aSTRUCTURAL STEELWORK
690 _aBUILDING AND CONSTRUCTION-ENGINEERING
700 _aWeare, F.
700 _aOakwell, A.
942 _n0
999 _c102197
_d102197